000 00412nam a22001337a 4500
005 20260316103912.0
008 260316b |||||||| |||| 00| 0 eng d
040 _cFLL
041 _2eng
_aeng
100 _aMalik, Himanshu
_91132111
245 _aExamining the Role of Sole Permanent International Criminal Court in the Intricately Globalized World
260 _aDU
_bFaculty of Law
_c2024
942 _2CC
_cDIS
999 _c1715459
_d1715459